[Event "14th EUR-ch"]
[Site "Minsk BLR"]
[Date "2017.06.01"]
[Round "3.73"]
[White "Howell, David"]
[Black "Elistratov, Semen"]
[Result "1-0"]
[WhiteElo "2684"]
[BlackElo "2417"]
[EventDate "2017.05.30"]
[PlyCount "75"]

1.Nf3 d5 2.g3 g6 3.Bg2 Bg7 4.d4 Nf6 5.O-O O-O 6.c4 dxc4 7.Na3 c3 8.bxc3 c5
9.Ne5 Nc6 10.Nac4 Be6 11.Nxc6 bxc6 12.Qd3 cxd4 13.cxd4 c5 14.dxc5 Rc8 15.
Ba3 Qxd3 16.exd3 Nd5 17.Rab1 Nc3 18.Rb7 Rfd8 19.Rxe7 Ne2+ 20.Kh1 Rxd3 21.
Nd6 Rb8 22.Rxa7 Bf8 23.Nb7 Bxa2 24.Ra1 Be6 25.Bb2 Rc8 26.h4 Nd4 27.Ra8 
Rxa8 28.Rxa8 Nf3 29.Ra1 Bd5 30.Nd6 Rd2 31.Bc3 Rxf2 32.Ne8 Be7 33.Nf6+ Bxf6
34.Bxf6 Kf8 35.Rd1 Bc6 36.Rd8+ Be8 37.c6 Ne1 38.c7 1-0

[Event "14th EUR-ch"]
[Site "Minsk BLR"]
[Date "2017.06.01"]
[Round "3.74"]
[White "Rakhmanov, Alexander"]
[Black "Grib, Roman"]
[Result "1-0"]
[WhiteElo "2676"]
[BlackElo "2415"]
[EventDate "2017.05.30"]
[PlyCount "85"]

1.c4 Nf6 2.Nc3 e6 3.e4 d5 4.exd5 exd5 5.d4 Nc6 6.Be3 Be6 7.cxd5 Nxd5 8.Nf3
Bb4 9.Qc2 Qd6 10.a3 Bxc3+ 11.bxc3 Bg4 12.Qe4+ Qe6 13.Qxe6+ fxe6 14.c4 Bxf3
15.gxf3 Nxe3 16.fxe3 e5 17.dxe5 Nxe5 18.f4 Nd7 19.Rd1 Rd8 20.Bd3 Nc5 21.
Bc2 Rxd1+ 22.Kxd1 O-O 23.Rg1 Rf6 24.Rg5 Nd7 25.Ra5 a6 26.Rh5 h6 27.Rd5 Rd6
28.Ke2 Nb6 29.Rxd6 cxd6 30.Be4 Kf8 31.Bxb7 a5 32.Kd3 g5 33.fxg5 hxg5 34.
Bc6 Nc8 35.Kd4 Ke7 36.h3 Kd8 37.Ke4 Ne7 38.Bd5 Kc7 39.Be6 a4 40.Kf3 Ng6 
41.Kg4 Ne5+ 42.Kxg5 Nf3+ 43.Kf6 1-0

[Event "14th EUR-ch"]
[Site "Minsk BLR"]
[Date "2017.06.01"]
[Round "3.75"]
[White "Safarli, Eltaj"]
[Black "Vega Gutierrez, Sabrina"]
[Result "1/2-1/2"]
[WhiteElo "2668"]
[BlackElo "2413"]
[EventDate "2017.05.30"]
[PlyCount "59"]

1.e4 c5 2.Nf3 e6 3.d4 cxd4 4.Nxd4 Nc6 5.Nc3 Nf6 6.g3 d5 7.exd5 exd5 8.Bg2 
Bg4 9.Qd3 Bc5 10.Nb3 Qe7+ 11.Kf1 d4 12.Nxc5 Qxc5 13.Qb5 Qxb5+ 14.Nxb5 Rd8 
15.h3 Bf5 16.Bf4 O-O 17.Nd6 Bxc2 18.Nxb7 Rd5 19.Bxd5 Nxd5 20.Nc5 Nxf4 21.
gxf4 Rb8 22.Nb3 a5 23.Ke2 a4 24.Nc5 Rxb2 25.Nd3 Bxd3+ 26.Kxd3 Rxf2 27.Rhf1
Rh2 28.Rh1 Rf2 29.Rhf1 Rh2 30.Rh1 1/2-1/2

[Event "14th EUR-ch"]
[Site "Minsk BLR"]
[Date "2017.06.01"]
[Round "3.76"]
[White "Sadovsky, Artem"]
[Black "Grandelius, Nils"]
[Result "0-1"]
[WhiteElo "2407"]
[BlackElo "2665"]
[EventDate "2017.05.30"]
[PlyCount "48"]

1.Nf3 d5 2.g3 g6 3.Bg2 Bg7 4.c4 dxc4 5.Qa4+ Nc6 6.Nc3 e5 7.Qxc4 Nge7 8.O-O
O-O 9.d3 Nf5 10.Bg5 Qe8 11.Nd5 Be6 12.e4 Qd7 13.exf5 Bxd5 14.Nxe5 Nxe5 15.
Qxd5 Qxf5 16.Be7 Rfe8 17.Qxb7 Rab8 18.Qxc7 Nxd3 19.Qxa7 Rxb2 20.Rad1 h5 
21.Bc6 Rxe7 22.Qxe7 Nxf2 23.Qe3 Nh3+ 24.Kh1 Qc2 0-1

[Event "14th EUR-ch"]
[Site "Minsk BLR"]
[Date "2017.06.01"]
[Round "3.77"]
[White "Solak, Dragan"]
[Black "Saraci, Nderim"]
[Result "1-0"]
[WhiteElo "2641"]
[BlackElo "2383"]
[EventDate "2017.05.30"]
[PlyCount "163"]

1.e4 c5 2.Nc3 Nc6 3.Bb5 g6 4.Bxc6 dxc6 5.d3 Bg7 6.Be3 b6 7.Qd2 e5 8.f4 Nf6
9.Nf3 Ng4 10.Nxe5 Nxe5 11.fxe5 Qh4+ 12.Bf2 Qe7 13.Bg3 Bxe5 14.Bxe5 Qxe5 
15.O-O Be6 16.b3 O-O 17.Rae1 Rad8 18.Nd1 f5 19.exf5 Qd4+ 20.Kh1 Rxf5 21.
Rxf5 Bxf5 22.Qg5 Qd7 23.h3 Re8 24.Re3 Rxe3 25.Nxe3 Be6 26.Qe5 h5 27.Kh2 
Kf7 28.Qf4+ Ke7 29.Qg5+ Kf7 30.Qf4+ Ke7 31.Kg3 Qd4 32.Qc7+ Qd7 33.Qb8 Kf7 
34.Qf4+ Kg7 35.Qe5+ Kf7 36.Kf2 Qd8 37.Ke2 Qd7 38.a4 Qe7 39.Qb8 Bd5 40.Kd2 
Be6 41.Qa8 Qc7 42.Qh8 Qd7 43.Qh7+ Kf6 44.Qh6 Kf7 45.Qf4+ Ke7 46.a5 Qd6 47.
Qh6 Bf7 48.Qg5+ Qf6 49.Qg3 Qd6 50.Qg5+ Qf6 51.Qg3 Qd6 52.Qh4+ Qf6 53.Qe4+ 
Kd7 54.axb6 axb6 55.Ke2 Qg5 56.Qa4 Qe5 57.Qa7+ Qc7 58.Qxc7+ Kxc7 59.Kf3 
Kd6 60.Kf4 b5 61.c4 g5+ 62.Kf5 Bg8 63.Kf6 Bh7 64.Nf5+ Kd7 65.g4 hxg4 66.
hxg4 b4 67.Kxg5 Ke6 68.d4 cxd4 69.Nxd4+ Kd6 70.Kf6 Kc5 71.Ne6+ Kd6 72.g5 
Bd3 73.c5+ Kd7 74.g6 Ke8 75.Nd4 Be4 76.g7 Bh7 77.Nxc6 Bg8 78.Nxb4 Bxb3 79.
Nc6 Bc4 80.Ne5 Bg8 81.c6 Kd8 82.Ng4 1-0

[Event "14th EUR-ch"]
[Site "Minsk BLR"]
[Date "2017.06.01"]
[Round "3.78"]
[White "Tikhonov, Yury"]
[Black "Oleksiyenko, Mykhaylo"]
[Result "0-1"]
[WhiteElo "2402"]
[BlackElo "2636"]
[EventDate "2017.05.30"]
[PlyCount "116"]

1.Nf3 Nf6 2.c4 e6 3.Nc3 d5 4.d4 Nbd7 5.Qc2 c6 6.e3 Bd6 7.g4 Bb4 8.Bd2 Bxc3
9.Bxc3 Ne4 10.Bb4 h5 11.g5 a5 12.Ba3 Nxg5 13.Nxg5 Qxg5 14.b3 dxc4 15.Bxc4 
b5 16.Bd3 b4 17.Bb2 Ba6 18.Qxc6 Bxd3 19.Qxa8+ Ke7 20.Qf3 Rc8 21.Rc1 Rxc1+ 
22.Bxc1 h4 23.Kd2 Bb1 24.Bb2 Bxa2 25.Rc1 Bxb3 26.Rc7 Bd5 27.Qe2 Qg1 28.e4 
Qxh2 29.Rxd7+ Kxd7 30.exd5 Qf4+ 31.Kd1 exd5 32.Qb5+ Ke6 33.Qc6+ Qd6 34.
Qc8+ Ke7 35.Bc1 f6 36.Qh8 g5 37.f4 gxf4 38.Qh7+ Kd8 39.Qf5 Qc6 40.Qxf4 h3 
41.Qb8+ Ke7 42.Bf4 Kf7 43.Qa7+ Kg6 44.Qxa5 Qc4 45.Bd6 b3 46.Qd8 Qxd4+ 47.
Ke2 Qe4+ 48.Kf2 b2 49.Qg8+ Kh5 50.Qh8+ Kg5 51.Qg8+ Qg6 52.Bf4+ Kh5 53.
Qxd5+ Kh4 54.Bg5+ Qxg5 55.Qe4+ Kh5 56.Qe8+ Qg6 57.Qe2+ Kh6 58.Qe3+ Qg5 0-1

[Event "14th EUR-ch"]
[Site "Minsk BLR"]
[Date "2017.06.01"]
[Round "3.79"]
[White "Yilmaz, Mustafa"]
[Black "Meribanov, Vitaly"]
[Result "1-0"]
[WhiteElo "2630"]
[BlackElo "2385"]
[EventDate "2017.05.30"]
[PlyCount "57"]

1.d4 Nf6 2.c4 e6 3.Nf3 b6 4.g3 Ba6 5.Qb3 Nc6 6.Nbd2 Na5 7.Qc3 c5 8.dxc5 
bxc5 9.e4 Bb7 10.e5 Ne4 11.Nxe4 Bxe4 12.Bg2 Be7 13.O-O O-O 14.Qe3 Bg6 15.
b3 Nc6 16.Ba3 Qa5 17.Bb2 Qc7 18.Nh4 Bh5 19.f4 Rae8 20.f5 f6 21.exf6 Rxf6 
22.Qg5 Bg6 23.Nxg6 Rxg6 24.Qh5 exf5 25.Qxf5 Kh8 26.Rae1 Qd8 27.Bxc6 dxc6 
28.Qf7 Rg5 29.Rxe7 1-0

[Event "14th EUR-ch"]
[Site "Minsk BLR"]
[Date "2017.06.01"]
[Round "3.80"]
[White "Podolchenko, Evgeniy"]
[Black "Salgado Lopez, Ivan"]
[Result "1/2-1/2"]
[WhiteElo "2398"]
[BlackElo "2627"]
[EventDate "2017.05.30"]
[PlyCount "123"]

1.d4 Nf6 2.c4 g6 3.Nc3 d5 4.Bf4 Bg7 5.e3 O-O 6.Rc1 dxc4 7.Bxc4 Nbd7 8.Nf3 
Nh5 9.Bg5 h6 10.Bh4 g5 11.Bg3 Nxg3 12.hxg3 e6 13.a3 c5 14.Qe2 g4 15.Nd2 
cxd4 16.exd4 Nf6 17.Nb3 a5 18.a4 b6 19.O-O Bb7 20.Rfd1 Qd6 21.Na1 Rac8 22.
Nb5 Qd7 23.b3 h5 24.Nc2 Nd5 25.Ne3 Bh6 26.Bxd5 Bxd5 27.Nxd5 Qxd5 28.Rc4 
Rfd8 29.Qc2 Rxc4 30.bxc4 Rc8 31.Na3 Qd6 32.Qd3 Qb4 33.Rb1 Qd2 34.Qxd2 Bxd2
35.d5 Bb4 36.Nb5 Rxc4 37.d6 Kf8 38.Rd1 Ke8 39.d7+ Kd8 40.Nd6 Bxd6 41.Rxd6 
Rxa4 42.Rxb6 Ra1+ 43.Kh2 Rf1 44.Rb2 Kxd7 45.Ra2 a4 46.Rxa4 Rxf2 47.Ra1 Rf5
48.Re1 e5 49.Re2 Ke6 50.Re1 Kd5 51.Rd1+ Kc4 52.Rf1 Rg5 53.Rxf7 e4 54.Kg1 
Kd3 55.Kf2 Rd5 56.Ra7 e3+ 57.Ke1 Rd4 58.Ra8 Rd5 59.Ra7 Ke4 60.Re7+ Kd4 61.
Ke2 Ra5 62.Rd7+ 1/2-1/2

[Event "14th EUR-ch"]
[Site "Minsk BLR"]
[Date "2017.06.01"]
[Round "3.81"]
[White "Fedorchuk, Sergei"]
[Black "Erturan, Yakup"]
[Result "0-1"]
[WhiteElo "2621"]
[BlackElo "2367"]
[EventDate "2017.05.30"]
[PlyCount "80"]

1.e4 e5 2.Bc4 Nc6 3.d3 Bc5 4.c3 Nf6 5.Bg5 Be7 6.Qf3 d6 7.h3 O-O 8.Ne2 Na5 
9.Ng3 Nxc4 10.dxc4 Be6 11.Na3 Nd7 12.Be3 Bg5 13.Bxg5 Qxg5 14.O-O a6 15.b3 
Nc5 16.b4 Nd7 17.Qe2 Nb6 18.Rfb1 a5 19.Qd3 Qe7 20.Nf5 Bxf5 21.exf5 e4 22.
Qg3 Qf6 23.Nb5 Qxf5 24.c5 dxc5 25.Nxc7 Rad8 26.bxa5 Nc4 27.Rxb7 Nxa5 28.
Rb5 Nc4 29.Na6 Rd5 30.a4 Nd6 31.Rb8 Rxb8 32.Nxb8 Rd3 33.Qh4 g5 34.Qh6 f6 
35.Nc6 Nc8 36.Rb1 Rd2 37.Rf1 e3 38.fxe3 Qc2 39.Qxf6 Rxg2+ 40.Kh1 Rh2+ 0-1

[Event "14th EUR-ch"]
[Site "Minsk BLR"]
[Date "2017.06.01"]
[Round "3.82"]
[White "Bakalchuk, Johnatan"]
[Black "Maze, Sebastien"]
[Result "1-0"]
[WhiteElo "2391"]
[BlackElo "2619"]
[EventDate "2017.05.30"]
[PlyCount "79"]

1.d4 Nf6 2.Nc3 d5 3.Bf4 e6 4.Nb5 Na6 5.a3 c6 6.Nc3 c5 7.e3 Qb6 8.Nf3 Be7 
9.Be2 O-O 10.O-O Bd7 11.Ne5 cxd4 12.exd4 Rac8 13.Rb1 Nb8 14.Bd3 Be8 15.Ne2
Bb5 16.c3 Nc6 17.Re1 Nxe5 18.Bxe5 Nd7 19.Bg3 Bxd3 20.Qxd3 Qb3 21.Nc1 Qb6 
22.Ne2 Rfe8 23.Nf4 Qb3 24.Qd1 Qxd1 25.Rbxd1 b5 26.Re2 Nb6 27.Rde1 Bf8 28.
Nd3 a5 29.f4 g6 30.Bh4 Bg7 31.g4 Kf8 32.Bg3 Nc4 33.Nc5 Red8 34.Bh4 Rd6 35.
f5 gxf5 36.gxf5 b4 37.axb4 axb4 38.fxe6 bxc3 39.bxc3 Bh6 40.Nd7+ 1-0

[Event "14th EUR-ch"]
[Site "Minsk BLR"]
[Date "2017.06.01"]
[Round "3.83"]
[White "Abdulov, Orkhan"]
[Black "Saric, Ivan"]
[Result "0-1"]
[WhiteElo "2388"]
[BlackElo "2618"]
[EventDate "2017.05.30"]
[PlyCount "60"]

1.e4 c5 2.Nf3 d6 3.d4 cxd4 4.Nxd4 Nf6 5.Nc3 a6 6.h3 Qa5 7.Nb3 Qc7 8.Bg5 
Nbd7 9.Qd2 e6 10.O-O-O b5 11.a3 Be7 12.f4 Bb7 13.Bd3 O-O 14.Qf2 Rfc8 15.
Rhe1 h6 16.Bh4 e5 17.f5 Nc5 18.Nxc5 dxc5 19.Nd5 Bxd5 20.exd5 c4 21.Bxf6 
Bxf6 22.d6 Qa5 23.Be4 c3 24.d7 cxb2+ 25.Kxb2 Rc3 26.Bxa8 Qxa3+ 27.Kb1 Qb4+
28.Kc1 Ra3 29.d8=Q+ Kh7 30.c4 Qc3+ 0-1

[Event "14th EUR-ch"]
[Site "Minsk BLR"]
[Date "2017.06.01"]
[Round "3.84"]
[White "Tomczak, Jacek"]
[Black "Badelka, Olga"]
[Result "1-0"]
[WhiteElo "2615"]
[BlackElo "2350"]
[EventDate "2017.05.30"]
[PlyCount "43"]

1.e4 c5 2.Nf3 Nc6 3.d4 cxd4 4.Nxd4 Qb6 5.Nb3 Nf6 6.Nc3 e6 7.Qf3 Bb4 8.Bg5 
Ne5 9.Qg3 Ng6 10.O-O-O Bxc3 11.Qxc3 Nxe4 12.Qxg7 Nxg5 13.h4 Qxf2 14.hxg5 
Qe3+ 15.Kb1 Qe5 16.Qh6 b6 17.Bd3 Bb7 18.Rhe1 Qg3 19.Bxg6 fxg6 20.Rxe6+ 
dxe6 21.Qg7 Bd5 22.Rxd5 1-0

[Event "14th EUR-ch"]
[Site "Minsk BLR"]
[Date "2017.06.01"]
[Round "3.85"]
[White "Parligras, Mircea-Emilian"]
[Black "Tutisani, Noe"]
[Result "1/2-1/2"]
[WhiteElo "2607"]
[BlackElo "2347"]
[EventDate "2017.05.30"]
[PlyCount "111"]

1.d4 Nf6 2.c4 g6 3.Nc3 d5 4.cxd5 Nxd5 5.e4 Nxc3 6.bxc3 Bg7 7.Qa4+ Nd7 8.
Nf3 O-O 9.Be2 c5 10.O-O Nb6 11.Qa3 cxd4 12.cxd4 Bg4 13.Bg5 Re8 14.Rad1 Qd6
15.Qe3 Rac8 16.h3 Bxf3 17.e5 Nd5 18.exd6 Nxe3 19.Bxf3 Nxd1 20.d7 Nc3 21.
Bxb7 Rcd8 22.dxe8=Q+ Rxe8 23.d5 Bf6 24.Bxf6 exf6 25.a4 Rd8 26.a5 Rd7 27.a6
Nxd5 28.Rd1 Nb6 29.Rc1 Kg7 30.Kf1 Rd6 31.Ke2 f5 32.Rc7 Nd5 33.Bxd5 Rxd5 
34.Rxa7 Ra5 35.Kd3 f4 36.Kc4 g5 37.f3 h5 38.Kb4 Ra2 39.Kb5 Rxg2 40.Rc7 
Rb2+ 41.Kc6 g4 42.a7 Ra2 43.Kb7 gxf3 44.Rc2 Rxa7+ 45.Kxa7 Kf6 46.Kb6 Ke5 
47.Kc5 Ke4 48.Rc4+ Ke3 49.Kd5 f2 50.Re4+ Kf3 51.Ke5 f1=Q 52.Rxf4+ Kg2 53.
Rxf1 Kxf1 54.Kf5 Kg2 55.Kg5 Kxh3 56.Kxh5 1/2-1/2

[Event "14th EUR-ch"]
[Site "Minsk BLR"]
[Date "2017.06.01"]
[Round "3.86"]
[White "Mchedlishvili, Mikheil"]
[Black "Yeritsyan, Aram"]
[Result "1-0"]
[WhiteElo "2605"]
[BlackElo "2342"]
[EventDate "2017.05.30"]
[PlyCount "79"]

1.c4 Nf6 2.d4 e6 3.g3 d5 4.Bg2 dxc4 5.Nf3 Bd7 6.Ne5 Bc6 7.Nxc6 Nxc6 8.O-O 
Qd7 9.e3 Rd8 10.Qe2 e5 11.Qxc4 exd4 12.Qb5 Rb8 13.Rd1 a6 14.Qc4 Be7 15.
Bxc6 Qxc6 16.Qxc6+ bxc6 17.Rxd4 O-O 18.Nd2 Rfd8 19.Rxd8+ Rxd8 20.Kf1 Bb4 
21.Ke2 g5 22.Nc4 Rd5 23.h3 h5 24.a3 Bd6 25.Bd2 g4 26.hxg4 hxg4 27.Rc1 Ne4 
28.Be1 f5 29.Nd2 Nc5 30.b4 Nd3 31.Rxc6 Nxe1 32.Kxe1 a5 33.e4 Rd4 34.bxa5 
Ra4 35.exf5 Rxa3 36.Nc4 Bb4+ 37.Ke2 Ra2+ 38.Ke3 Bxa5 39.Nxa5 Rxa5 40.Kf4 
1-0

[Event "14th EUR-ch"]
[Site "Minsk BLR"]
[Date "2017.06.01"]
[Round "3.87"]
[White "Tunik, Gennady"]
[Black "Gledura, Benjamin"]
[Result "1/2-1/2"]
[WhiteElo "2384"]
[BlackElo "2602"]
[EventDate "2017.05.30"]
[PlyCount "131"]

1.d4 Nf6 2.c4 g6 3.Nc3 d5 4.cxd5 Nxd5 5.e4 Nxc3 6.bxc3 Bg7 7.Nf3 c5 8.Be3 
Qa5 9.Qd2 O-O 10.Rc1 Rd8 11.Be2 Nc6 12.d5 e6 13.O-O exd5 14.exd5 Ne7 15.c4
Qxd2 16.Nxd2 b6 17.Ne4 h6 18.Ng3 Ba6 19.h4 Nc8 20.h5 Nd6 21.hxg6 fxg6 22.
Bd3 Rf8 23.Rfe1 g5 24.a4 Rae8 25.Re2 Be5 26.Nf1 Nf5 27.Rce1 Bg7 28.a5 Nxe3
29.axb6 Bc3 30.Rc1 Nxd5 31.Rxe8 Rxe8 32.cxd5 Bb2 33.Rd1 Bxd3 34.Rxd3 c4 
35.Re3 Rxe3 36.Nxe3 axb6 37.Nxc4 Bd4 38.Nd6 Be5 39.Nb5 Kf7 40.Kf1 Kf6 41.
Ke2 h5 42.Ke3 Kf5 43.f3 Bh2 44.g4+ hxg4 45.fxg4+ Ke5 46.d6 Ke6 47.Ke4 Bxd6
48.Nd4+ Kd7 49.Kd5 Bc5 50.Nb5 Be3 51.Nc3 Kc7 52.Nb5+ Kb7 53.Nc3 Ka6 54.Kc4
Bf4 55.Nb5 Be5 56.Na3 Ka5 57.Nb5 Ka4 58.Na7 Ka3 59.Nc6 Bf6 60.Kb5 Kb3 61.
Kxb6 Kc4 62.Kc7 Kd5 63.Kd7 Ke4 64.Ke6 Bc3 65.Nd8 Kf4 66.Nf7 1/2-1/2

[Event "14th EUR-ch"]
[Site "Minsk BLR"]
[Date "2017.06.01"]
[Round "3.88"]
[White "Arabidze, Meri"]
[Black "Ter-Sahakyan, Samvel"]
[Result "1/2-1/2"]
[WhiteElo "2374"]
[BlackElo "2598"]
[EventDate "2017.05.30"]
[PlyCount "60"]

1.d4 Nf6 2.c4 e6 3.Nf3 d5 4.Nc3 a6 5.cxd5 exd5 6.Bg5 Be6 7.e3 Nbd7 8.Bd3 
Bd6 9.Qc2 h6 10.Bh4 O-O 11.O-O Re8 12.Rab1 c6 13.Rfe1 Qc7 14.Bg3 Rac8 15.
Bxd6 Qxd6 16.h3 c5 17.dxc5 Nxc5 18.Red1 b5 19.Qd2 Qb6 20.Nd4 Bd7 21.Bf5 b4
22.Bxd7 Ncxd7 23.Nce2 Ne4 24.Qe1 Ndf6 25.Rbc1 Rc4 26.Nf4 Qb7 27.Nb3 Qb5 
28.Nd4 Qb7 29.Nb3 Qb5 30.Nd4 Qb7 1/2-1/2

[Event "14th EUR-ch"]
[Site "Minsk BLR"]
[Date "2017.06.01"]
[Round "3.89"]
[White "Potkin, Vladimir"]
[Black "Molchanov, Oleksii"]
[Result "1/2-1/2"]
[WhiteElo "2588"]
[BlackElo "2334"]
[EventDate "2017.05.30"]
[PlyCount "114"]

1.c4 Nf6 2.Nc3 e5 3.Nf3 Nc6 4.g3 Nd4 5.Bg2 Nxf3+ 6.Bxf3 Bb4 7.Qb3 Bc5 8.
O-O O-O 9.Na4 Bd6 10.Rd1 Qe7 11.d4 exd4 12.Rxd4 Be5 13.Rd1 Re8 14.Bg2 c6 
15.e4 Bc7 16.Nc3 Ng4 17.h3 Ne5 18.Be3 d6 19.f4 Nd7 20.Qc2 a5 21.Rd2 Nc5 
22.Re1 Qf8 23.b3 f6 24.Bf2 Be6 25.Ne2 f5 26.Nd4 Nxe4 27.Bxe4 fxe4 28.Nxe6 
Rxe6 29.Rxe4 Rxe4 30.Qxe4 Re8 31.Qf3 Qe7 32.Kg2 g6 33.Qd3 Qe6 34.g4 Kf7 
35.Kf3 Qf6 36.Qd4 Qe6 37.Bg3 Bb6 38.Qd3 Qf6 39.Bf2 Bxf2 40.Rxf2 Qa1 41.Kg2
Re1 42.f5 Rg1+ 43.Kf3 Qe5 44.fxg6+ hxg6 45.Qe3 Rg3+ 46.Ke2+ Ke6 47.Qxe5+ 
Kxe5 48.Rf7 Rxh3 49.Rxb7 a4 50.Re7+ Kd4 51.Re6 Rh2+ 52.Kf3 a3 53.Rxd6+ Kc5
54.Rxg6 Rxa2 55.b4+ Kxc4 56.Rxc6+ Kb5 57.Rc1 Kxb4 1/2-1/2

[Event "14th EUR-ch"]
[Site "Minsk BLR"]
[Date "2017.06.01"]
[Round "3.90"]
[White "Erenberg, Ariel"]
[Black "Indjic, Aleksandar"]
[Result "1-0"]
[WhiteElo "2370"]
[BlackElo "2587"]
[EventDate "2017.05.30"]
[PlyCount "103"]

1.d4 d6 2.Nf3 g6 3.c4 Bg7 4.Nc3 Nf6 5.e4 O-O 6.Be2 c5 7.O-O Re8 8.h3 cxd4 
9.Nxd4 Nbd7 10.Be3 b6 11.Qc2 Bb7 12.Rfd1 Rc8 13.b3 a6 14.a4 e6 15.Rac1 d5 
16.exd5 exd5 17.Bf3 Ba8 18.Qe2 Ne4 19.Nxe4 dxe4 20.Bg4 Rc7 21.Bxd7 Rxd7 
22.Nc2 f5 23.Rxd7 Qxd7 24.Rd1 Qc7 25.Qd2 Be5 26.g3 a5 27.Qd7 Qxd7 28.Rxd7 
Bc6 29.Rd2 Rb8 30.Bf4 Bxf4 31.gxf4 Kf7 32.Kf1 Ke7 33.Ke2 Rg8 34.h4 h6 35.
Ke3 Rf8 36.Nd4 Bd7 37.Ne2 Bc6 38.Nd4 Rf6 39.Rd1 Bd7 40.f3 exf3 41.Nxf3 Bc6
42.Ne5 Be4 43.Rd7+ Ke8 44.Kd4 Re6 45.Rg7 Rd6+ 46.Kc3 Rd1 47.Rxg6 Rh1 48.
Rxb6 Kd8 49.Rxh6 Rh3+ 50.Kd4 Rxb3 51.h5 Ra3 52.Re6 1-0

[Event "14th EUR-ch"]
[Site "Minsk BLR"]
[Date "2017.06.01"]
[Round "3.91"]
[White "Santos Latasa, Jaime"]
[Black "Filipets, Egor"]
[Result "0-1"]
[WhiteElo "2567"]
[BlackElo "2328"]
[EventDate "2017.05.30"]
[PlyCount "76"]

1.d4 Nf6 2.c4 g6 3.Nc3 Bg7 4.e4 d6 5.h3 c5 6.d5 e5 7.Nf3 O-O 8.g4 Na6 9.
Be3 Bd7 10.Nd2 Nc7 11.a3 Nfe8 12.Bd3 Kh8 13.Rb1 b6 14.b4 f5 15.gxf5 gxf5 
16.exf5 e4 17.Ndxe4 Bxf5 18.Qc2 Qh4 19.Kd2 b5 20.cxb5 c4 21.Bxc4 Nf6 22.f3
Rac8 23.Qd3 Ncxd5 24.Bxd5 Rxc3 25.Qxc3 Nxd5 26.Qd3 Nxe3 27.Kxe3 Bg6 28.
Rhg1 Qf4+ 29.Ke2 Qh2+ 30.Kf1 d5 31.Rxg6 dxe4 32.Qxe4 hxg6 33.Re1 Qg3 34.
Re3 Rc8 35.Re1 Qxh3+ 36.Ke2 Qg2+ 37.Ke3 Bh6+ 38.f4 Qxe4+ 0-1

[Event "14th EUR-ch"]
[Site "Minsk BLR"]
[Date "2017.06.01"]
[Round "3.92"]
[White "Apryshko, Gleb"]
[Black "Predke, Alexandr"]
[Result "1/2-1/2"]
[WhiteElo "2368"]
[BlackElo "2566"]
[EventDate "2017.05.30"]
[PlyCount "33"]

1.e4 c5 2.Nf3 d6 3.d4 cxd4 4.Nxd4 Nf6 5.Nc3 Nc6 6.Bg5 e6 7.Qd2 Be7 8.O-O-O
O-O 9.f4 Nxd4 10.Qxd4 Qa5 11.Kb1 Rd8 12.Be2 e5 13.Qd2 exf4 14.Nd5 Qxd2 15.
Nxe7+ Kf8 16.Rxd2 Kxe7 17.Rhd1 1/2-1/2

[Event "14th EUR-ch"]
[Site "Minsk BLR"]
[Date "2017.06.01"]
[Round "3.93"]
[White "Zhigalko, Andrei"]
[Black "Zarubitski, Viachaslau"]
[Result "0-1"]
[WhiteElo "2566"]
[BlackElo "2325"]
[EventDate "2017.05.30"]
[PlyCount "120"]

1.c4 c6 2.Nf3 Nf6 3.Nc3 d5 4.e3 g6 5.d4 Bg7 6.h3 O-O 7.Bd3 b6 8.O-O Bb7 9.
Qe2 Nbd7 10.Rd1 Re8 11.Ne5 Qc7 12.f4 c5 13.Bd2 Rac8 14.b3 Red8 15.Rac1 Qb8
16.Be1 Nf8 17.Bh4 cxd4 18.exd4 Ne6 19.Qf2 Nxd4 20.cxd5 Nf5 21.Bc4 Nxh4 22.
Qxh4 b5 23.Nxb5 Bxd5 24.Qf2 Bxc4 25.bxc4 Rxd1+ 26.Rxd1 Ne4 27.Qd4 Nc5 28.
Qe3 Bxe5 29.fxe5 Ne6 30.Qxa7 Qxa7+ 31.Nxa7 Rxc4 32.Nb5 Rc5 33.a4 Rxe5 34.
Ra1 Nc5 35.Nc3 Nb3 36.Rb1 Na5 37.Rb8+ Kg7 38.Ra8 Rc5 39.Nb5 Nc4 40.Ra7 e5 
41.Kf2 e4 42.Ke2 Kf6 43.Nc3 Nd6 44.Kd2 Ke6 45.Ra6 Ke5 46.Rxd6 Rxc3 47.Rd7 
Rg3 48.Rxf7 Rxg2+ 49.Ke1 h5 50.a5 Ra2 51.Rg7 Kf5 52.Rf7+ Kg5 53.Ra7 Kh4 
54.Kf1 g5 55.a6 Kxh3 56.Rh7 h4 57.a7 g4 58.Rf7 g3 59.Kg1 Ra1+ 60.Rf1 Rxa7 
0-1

[Event "14th EUR-ch"]
[Site "Minsk BLR"]
[Date "2017.06.01"]
[Round "3.94"]
[White "Gelashvili, Tamaz"]
[Black "Martynov, Roman"]
[Result "1-0"]
[WhiteElo "2563"]
[BlackElo "2323"]
[EventDate "2017.05.30"]
[PlyCount "117"]

1.e4 c6 2.d4 d5 3.e5 Bf5 4.h4 Qb6 5.Nc3 h5 6.Be2 e6 7.Nf3 Nd7 8.O-O Ne7 9.
b3 Bg4 10.Na4 Qc7 11.c4 Nf5 12.cxd5 cxd5 13.Bg5 Ba3 14.b4 Bxb4 15.Qb3 Be7 
16.Rac1 Qd8 17.Bxe7 Qxe7 18.Rc7 O-O 19.Qxb7 Qa3 20.Rxd7 Qxa4 21.Bd1 Qxa2 
22.Rxf7 Bxf3 23.Bxf3 Rxf7 24.Qxa8+ Rf8 25.Qb7 Nxd4 26.Bxh5 Qd2 27.g3 Ne2+ 
28.Bxe2 Qxe2 29.f4 Qe3+ 30.Kg2 Qe4+ 31.Rf3 a5 32.Qb6 Qf5 33.Qxa5 Rc8 34.
Qa4 Rc2+ 35.Rf2 Rc3 36.Kh2 Rc1 37.Qa3 Rb1 38.Qf3 Ra1 39.Rb2 Rc1 40.g4 Qf8 
41.f5 Qd8 42.f6 Qc7 43.Re2 Qc5 44.fxg7 Kxg7 45.Rf2 Rc2 46.Rxc2 Qxc2+ 47.
Kg3 d4 48.Qf6+ Kh7 49.Qxe6 Qc3+ 50.Kf4 Qe3+ 51.Kf5 d3 52.Qd7+ Kh8 53.e6 d2
54.e7 Qf3+ 55.Kg6 Qe4+ 56.Qf5 d1=Q 57.Qxe4 Qd6+ 58.Kh5 Qg6+ 59.Kxg6 1-0

[Event "14th EUR-ch"]
[Site "Minsk BLR"]
[Date "2017.06.01"]
[Round "3.95"]
[White "Bartel, Michal"]
[Black "Kriakvin, Dmitry"]
[Result "0-1"]
[WhiteElo "2361"]
[BlackElo "2560"]
[EventDate "2017.05.30"]
[PlyCount "88"]

1.e4 c5 2.Nf3 e6 3.d4 cxd4 4.Nxd4 Nc6 5.Nc3 d6 6.Nb3 Nf6 7.Bd3 Be7 8.O-O 
O-O 9.f4 a5 10.a4 e5 11.f5 Nb4 12.Bc4 Qc7 13.Bd5 Bd7 14.Be3 Rfc8 15.Rf2 
Nbxd5 16.Nxd5 Nxd5 17.Qxd5 Qc6 18.Nc1 Qxd5 19.exd5 Bf6 20.Ra2 e4 21.Kf1 b5
22.axb5 Bxb5+ 23.Kg1 a4 24.Rd2 h5 25.Ne2 Bc4 26.b3 axb3 27.Rxa8 Rxa8 28.
cxb3 Bxb3 29.Bf4 Bc4 30.Kf2 Ra3 31.Ng3 Bc3 32.Nxe4 Bxd2 33.Nxd2 Ra2 34.Ke3
Bxd5 35.g3 Ra6 36.Kd4 Bb7 37.Nc4 Ra4 38.Kc3 d5 39.Nb6 d4+ 40.Kd3 Rb4 41.
Nd7 Ba6+ 42.Ke4 d3+ 43.Ke3 Rb2 44.Nc5 d2 0-1

[Event "14th EUR-ch"]
[Site "Minsk BLR"]
[Date "2017.06.01"]
[Round "3.96"]
[White "Birnboim, Nathan"]
[Black "Chigaev, Maksim"]
[Result "0-1"]
[WhiteElo "2358"]
[BlackElo "2559"]
[EventDate "2017.05.30"]
[PlyCount "104"]

1.d4 Nf6 2.c4 e6 3.Nf3 c5 4.d5 exd5 5.cxd5 g6 6.Nc3 d6 7.g3 Bg7 8.Bg2 O-O 
9.O-O Re8 10.Nd2 a6 11.a4 Nbd7 12.h3 Rb8 13.Nc4 Ne5 14.Na3 Nh5 15.e4 Bd7 
16.a5 Qxa5 17.g4 Nf6 18.f4 Nexg4 19.hxg4 Nxg4 20.Bf3 h5 21.Kg2 b5 22.Nc2 
Qd8 23.Rh1 f5 24.Bxg4 hxg4 25.e5 b4 26.Ne2 dxe5 27.Rxa6 Bb5 28.Rxg6 Bxe2 
29.Qxe2 Qxd5+ 30.Kg1 exf4 31.Qf1 Kf7 32.Rxg7+ Kxg7 33.Bxf4 Rh8 34.Rxh8 
Rxh8 35.Qe2 Kf7 36.Ne3 Qe4 37.Qc4+ Qxc4 38.Nxc4 Ke6 39.Be3 Rh3 40.Kg2 Kd5 
41.Nb6+ Kc6 42.Nc4 b3 43.Bf2 Kd5 44.Nb6+ Ke4 45.Bxc5 f4 46.Bd6 Rh6 47.Nc4 
g3 48.Nd2+ Kf5 49.Bb4 Kg4 50.Nf3 Re6 51.Nd4 f3+ 52.Kf1 Rh6 0-1

[Event "14th EUR-ch"]
[Site "Minsk BLR"]
[Date "2017.06.01"]
[Round "3.97"]
[White "Michalik, Peter"]
[Black "Tate, Alan"]
[Result "1/2-1/2"]
[WhiteElo "2558"]
[BlackElo "2320"]
[EventDate "2017.05.30"]
[PlyCount "103"]

1.e4 e5 2.Nf3 Nc6 3.Bc4 Bc5 4.O-O Nf6 5.d3 d6 6.c3 a6 7.a4 h6 8.Na3 O-O 9.
Nc2 Be6 10.Bxe6 fxe6 11.Re1 Ba7 12.Be3 Bxe3 13.Nxe3 d5 14.Nf1 Qd6 15.Ng3 
Rad8 16.b4 dxe4 17.dxe4 Qxd1 18.Rexd1 b5 19.Rxd8 Rxd8 20.axb5 axb5 21.Kf1 
Kf8 22.Ke2 Nd7 23.Nf1 Nb6 24.N1d2 Ke7 25.Nb3 Na4 26.Rc1 Nb2 27.Rc2 Nc4 28.
Ra2 Kf6 29.Ne1 Nb6 30.Nd3 Ra8 31.Rxa8 Nxa8 32.Na5 Nb8 33.Kd1 Nb6 34.Kc2 
Nc8 35.Kb3 Nd6 36.f3 Nd7 37.Nc6 Nc4 38.Na7 Nd6 39.Nc5 Nb8 40.Kc2 c6 41.Nd3
Nc4 42.Nb2 Ne3+ 43.Kd2 Nxg2 44.c4 bxc4 45.Nxc4 Nh4 46.Ke3 Ng6 47.Na5 Ne7 
48.Kd3 Kg5 49.Kc4 Kf4 50.Kc5 Na6+ 51.Kd6 Ng6 52.N7xc6 1/2-1/2

[Event "14th EUR-ch"]
[Site "Minsk BLR"]
[Date "2017.06.01"]
[Round "3.98"]
[White "Teclaf, Pawel"]
[Black "Boruchovsky, Avital"]
[Result "0-1"]
[WhiteElo "2358"]
[BlackElo "2557"]
[EventDate "2017.05.30"]
[PlyCount "70"]

1.e4 e5 2.Nf3 Nc6 3.Bb5 a6 4.Ba4 Nf6 5.O-O Be7 6.Re1 b5 7.Bb3 d6 8.c3 O-O 
9.h3 Bb7 10.d4 Nd7 11.a4 Na5 12.Bc2 c5 13.dxc5 dxc5 14.Nbd2 c4 15.Nf1 Nc5 
16.Qxd8 Rfxd8 17.axb5 axb5 18.Nxe5 Nab3 19.Rxa8 Rxa8 20.Be3 f6 21.Nf3 Ra2 
22.Rb1 Na1 23.Bxc5 Bxc5 24.Bd1 Bxe4 25.Rc1 Nb3 26.Bxb3 cxb3 27.N1d2 Bc2 
28.Re1 Kf7 29.Nd4 Rxb2 30.Nc6 Bd3 31.Nd8+ Kg6 32.Ne6 Rxd2 33.Nxc5 Bc2 34.
Ne4 Bxe4 35.Rxe4 Rd1+ 0-1